| 000 | 00894nam a22002537a 4500 | ||
|---|---|---|---|
| 999 |
_c20350 _d20350 |
||
| 003 | AR-CdUCM | ||
| 008 | 190319b ||||| |||| 00| 0 spa d | ||
| 040 |
_aMUNICIPALIDAD PROVINCIAL DEL CUSCO _cBIBLIOTECA MUNICIPAL DEL CUSCO |
||
| 041 | _heng | ||
| 082 |
_a631.4 / _bF77 |
||
| 100 |
_aFoth, H.D. _919399 |
||
| 245 | _aFundamentos de la ciencia del Suelo / | ||
| 260 |
_aMéxico : _bContinental, _c1961. |
||
| 300 |
_a612 páginas ; _c23 cm. _bFiguras. |
||
| 505 | _aContenido : Materiales en el desarrollo del suelo -- Los procesos de desarrollo del suelo -- Propiedades físicas de los Suelos... | ||
| 650 |
_aCiencias del Suelo _919400 |
||
| 650 |
_aMorfologia de Suelos _919401 |
||
| 650 |
_aEstudio de Suelos _96692 |
||
| 700 |
_aMillar, C.E. _919402 |
||
| 700 |
_aTurk L.M _919403 |
||
| 700 |
_aReinosa Fuller, Angel (traductor) _942563 |
||
| 942 |
_2ddc _cLIBROS |
||
| 945 | _aJavier | ||